| 000 | 01107nmc a2200433 a 4500 | ||
|---|---|---|---|
| 003 | AR-BaBNM | ||
| 005 | 20251128210050.0 | ||
| 008 | 011101s1993 ||||||||||||||000 | spa|| | ||
| 020 | _a84-7432-445-9 | ||
| 040 | _cAR-BaBNM | ||
| 100 | 1 | _aGhilardi, Franco | |
| 245 | 1 | 0 | _aCrisis y perspectivas de la profesión docente |
| 250 | _a1ª ed. | ||
| 260 |
_aBarcelona _bGedisa _c1993 |
||
| 300 | _a159 p. | ||
| 490 | 0 | _aDebate socioeducativo | |
| 504 | _aContiene bibliografía p. 154-159 | ||
| 650 | 4 | _aFORMACION DE DOCENTES | |
| 650 | 4 | _aCRISIS DE LA EDUCACION | |
| 650 | 4 | _aTENDENCIAS EDUCACIONALES | |
| 650 | 4 | _aPERFECCIONAMIENTO DEL DOCENTE | |
| 650 | 4 | _aPERFIL PROFESIONAL DEL DOCENTE | |
| 650 | 4 | _aEDUCACION COMPARADA | |
| 651 | 4 | _aReino Unido | |
| 651 | 4 | _aItalia | |
| 651 | 4 | _aIrlanda | |
| 651 | 4 | _aGrecia | |
| 651 | 4 | _aFrancia | |
| 651 | 4 | _aEuropa | |
| 651 | 4 | _aEspaña | |
| 651 | 4 | _aDinamarca | |
| 651 | 4 | _aBélgica | |
| 651 | 4 | _aAlemania | |
| 651 | 4 | _aLuxemburgo | |
| 651 | 4 | _aHolanda | |
| 800 | 1 | _aTedesco, Juán Carlos | |
| 942 | _cBK | ||
| 998 | _cRaquel | ||
| 999 |
_c13873 _d13873 |
||